| 000 | 00379cam a2200157ua 4500 | ||
|---|---|---|---|
| 003 | OSt | ||
| 008 | 250108b |||||||| |||| 00| 0 eng d | ||
| 041 | _aeng | ||
| 082 |
_a621.3841 _bSEE/RA |
||
| 100 |
_aSeely, Samuel . _96775 |
||
| 245 | _aRadio electronics / | ||
| 250 | _a1 / | ||
| 260 |
_aNew York : _bMcGraw Hill Book Company , _c1956. |
||
| 300 | _a487 ; . | ||
| 942 | _cBK | ||
| 999 |
_c9013 _d9013 |
||